[Event "BCF-chT3 0809 (4NCL)"]
[Site "Hinckley Island"]
[Date "2008.12.07"]
[Round "4.1"]
[White "Turner, Caius AW"]
[Black "Weighell, Mark"]
[Result "1-0"]
[WhiteElo "2089"]
[BlackElo "2120"]
[PlyCount "83"]
[EventDate "2008.10.18"]
[EventType "team-swiss"]
[EventRounds "11"]
[EventCountry "ENG"]
[SourceTitle "EXT 2010"]
[Source "ChessBase"]
[SourceDate "2010.11.25"]
[SourceVersion "1"]
[SourceVersionDate "2010.11.25"]
[SourceQuality "1"]
[WhiteTeam "Conquistadors"]
[BlackTeam "FCA Solutions II"]
[WhiteTeamCountry "ENG"]
[BlackTeamCountry "ENG"]

1. Nf3 Nf6 2. c4 d6 3. d4 Nbd7 4. Nc3 e5 5. g3 Be7 6. Bg2 0-0 7. 0-0 exd4 8. Nxd4 a5 9. a3 Nc5 10. b3 c6 11. Rb1 Bg4 12. f3 Bh5 13. Nf5 Bg6 14. Nxe7+ Qxe7 15. e4 Ne8 16. Re1 Qc7 17. g4 f6 18. Bf4 Bf7 19. Bg3 Qd8 20. Qd2 a4 21. b4 Nb3 22. Qd3 c5 23. Nxa4 b5 24. Nb2 bxc4 25. Nxc4 Nd4 26. Red1 d5 27. Ne3 dxe4 28. fxe4 Nc7 29. bxc5 Nce6 30. Bd6 Re8 31. Nf5 Nc6 32. e5 Nf4 33. Qf3 Nxg2 34. Kxg2 Qc8 35. exf6 gxf6 36. Nh6+ Kg7 37. Nxf7 Kxf7 38. g5 f5 39. Rb6 Ne7 40. Rb7 Qe6 41. Rf1 Kg6 42. Bxe7 1-0

[Event "BCF-chT3 0809 (4NCL)"]
[Site "Hinckley Island"]
[Date "2008.10.18"]
[Round "1.1"]
[White "Webb, Richard M"]
[Black "Turner, Caius AW"]
[Result "1/2-1/2"]
[WhiteElo "2259"]
[BlackElo "2089"]
[PlyCount "44"]
[EventDate "2008.10.18"]
[EventType "team-swiss"]
[EventRounds "11"]
[EventCountry "ENG"]
[SourceTitle "EXT 2010"]
[Source "ChessBase"]
[SourceDate "2010.11.25"]
[SourceVersion "1"]
[SourceVersionDate "2010.11.25"]
[SourceQuality "1"]
[WhiteTeam "AMCA Dragons"]
[BlackTeam "Conquistadors"]
[WhiteTeamCountry "ENG"]
[BlackTeamCountry "ENG"]

1. e4 d6 2. d4 Nf6 3. Nc3 g6 4. Nf3 a6 5. Be2 b5 6. e5 Nfd7 7. a4 b4 8. Nd5 Nc6 9. e6 fxe6 10. Nf4 Nf6 11. Ng5 e5 12. Bf3 Nxd4 13. Bxa8 Bf5 14. Nfe6 Bxe6 15. Nxe6 Nxe6 16. Bc6+ Kf7 17. 0-0 d5 18. f4 exf4 19. Bxf4 Nxf4 20. Rxf4 Kg7 21. Qf3 Qd6 22. Rxf6 exf6 1/2-1/2

[Event "Southend op"]
[Site "Southend"]
[Date "2007.04.07"]
[Round "3"]
[White "Baptie, Justin P"]
[Black "Turner, Caius AW"]
[Result "1/2-1/2"]
[WhiteElo "2081"]
[BlackElo "2110"]
[PlyCount "51"]
[EventDate "2007.04.06"]
[EventType "swiss"]
[EventRounds "7"]
[EventCountry "ENG"]
[SourceTitle "CBM 117 Extra"]
[Source "ChessBase"]
[SourceDate "2007.05.09"]
[SourceVersion "1"]
[SourceVersionDate "2007.05.09"]
[SourceQuality "1"]

1. e4 d6 2. d4 Nf6 3. Nc3 g6 4. Bg5 Bg7 5. Qd2 a6 6. Bd3 Nc6 7. Nge2 h6 8. Bf4 e5 9. dxe5 Nxe5 10. 0-0 g5 11. Bxe5 dxe5 12. Rad1 Be6 13. Ng3 0-0 14. Nf5 c5 15. h4 Nh5 16. hxg5 hxg5 17. g3 Re8 18. Qe2 Nf6 19. Bc4 Qc7 20. Bxe6 fxe6 21. Nxg7 Kxg7 22. Kg2 Rh8 23. Rh1 Raf8 24. Rxh8 Rxh8 25. Rh1 Rd8 26. Rd1 1/2-1/2

[Event "Southend op"]
[Site "Southend"]
[Date "2007.04.07"]
[Round "4"]
[White "Turner, Caius AW"]
[Black "Sen, Subin"]
[Result "1/2-1/2"]
[WhiteElo "2110"]
[BlackElo "2016"]
[PlyCount "75"]
[EventDate "2007.04.06"]
[EventType "swiss"]
[EventRounds "7"]
[EventCountry "ENG"]
[SourceTitle "CBM 117 Extra"]
[Source "ChessBase"]
[SourceDate "2007.05.09"]
[SourceVersion "1"]
[SourceVersionDate "2007.05.09"]
[SourceQuality "1"]

1. Nf3 Nf6 2. c4 g6 3. Nc3 d5 4. cxd5 Nxd5 5. Qa4+ Bd7 6. Qh4 Bc6 7. Qd4 Nf6 8. Qxd8+ Kxd8 9. Ne5 Ke8 10. d4 e6 11. Bg5 Be7 12. e3 Nd5 13. Bxe7 Kxe7 14. e4 Nxc3 15. Nxc6+ Nxc6 16. bxc3 Rhd8 17. g4 h6 18. f4 Na5 19. Rb1 a6 20. Bg2 c5 21. d5 Rd7 22. 0-0 exd5 23. exd5 Nc4 24. Rbe1+ Kf8 25. f5 g5 26. Rf2 Rad8 27. Rfe2 b5 28. h4 Nb6 29. hxg5 hxg5 30. Re5 Nxd5 31. f6 Nxf6 32. Rxc5 Rd1 33. Kf1 Rxe1+ 34. Kxe1 Nxg4 35. Rxg5 Nf6 36. Bb7 Rd6 37. Rc5 Ke7 38. Rc7+ 1/2-1/2